Kemenangan di Bukit Badar

Bibliographic Details
Main Author: Shailey Azizah
Format: Book
Published: Petaling Jaya : Eddiplex , 1993
Series:Siri cerita perang zaman nabi
Subjects:

MARC

LEADER 00000cam a2200000 7i4500
001 0000003640
002 000003921
005 20000330.0
020 |a 9838800252 
090 0 0 |a J 297.63   |b SHA 
100 0 |a Shailey Azizah 
245 1 0 |a Kemenangan di Bukit Badar   |c Shailey Azizah 
260 |a Petaling Jaya :   |b Eddiplex ,   |c 1993 
300 |a 60p. :   |b ill. ;   |c 19cm. 
490 0 |a Siri cerita perang zaman nabi 
650 0 0 |a Islamic stories, Malay 
999 |a 028943   |b BUKU   |c PINJAMAN   |e PERPUSTAKAAN KOMUNITI PETALING JAYA 
999 |a 032053   |b BUKU   |c PINJAMAN   |e PERPUSTAKAAN KOMUNITI PETALING JAYA 
999 |a 032054   |b BUKU   |c PINJAMAN   |e PERPUSTAKAAN KOMUNITI PETALING JAYA